Ví dụ tính toán cầu dầm hộp thép liên hợp bản bê tông cốt thép

Kaydedildi:
Detaylı Bibliyografya
Materyal Türü: Sách
Dil:Undetermined
Baskı/Yayın Bilgisi:  Giao thông Vận tải  2016
Konular:
Etiketler: Etiketle
Etiket eklenmemiş, İlk siz ekleyin!
Thư viện lưu trữ: Trung tâm Thư viện - Trường Đại học Công nghiệp TP. Hồ Chí Minh
LEADER 00531nam a2200133Ia 4500
001 UIH_03770
008 231011s9999 xx 000 0 und d
082 |a  624.21 
245 0 |a  Ví dụ tính toán cầu dầm hộp thép liên hợp bản bê tông cốt thép 
260 |b  Giao thông Vận tải 
260 |c  2016 
650 |a  Cầu bê tông cốt thép; Cầu dầm hộp;  
927 |a Sách 
980 |a Trung tâm Thư viện - Trường Đại học Công nghiệp TP. Hồ Chí Minh